| 000 | 00766nam a2200217 i 4500 | ||
|---|---|---|---|
| 001 | 96271 | ||
| 003 | ES-MaACL | ||
| 005 | 20260129170024.0 | ||
| 007 | t| | ||
| 008 | 050615s1956 sp 00110 spa d | ||
| 100 | 1 |
_aMaeztu, Ramiro de, _d1875-1936 _975421 |
|
| 245 | 1 | 0 |
_aFrente a la República / _cRamiro de Maeztu ; selección y estudio preliminar de Gonzalo Fernández de la Mora. |
| 260 |
_aMadrid : _bRialp, _c1956. |
||
| 300 |
_a310 p. ; _c19 cm. |
||
| 490 | 1 |
_aBiblioteca del pensamiento actual ; _v36 |
|
| 651 | 0 |
_aEspaña- _xHistoria- _y1931-1939, II República. _98283 |
|
| 700 | 1 |
_aFernández de la Mora, Gonzalo. _949670 |
|
| 830 | 1 |
_aBiblioteca del pensamiento actual _v36 _9181187 |
|
| 852 |
_aES-MaACL _jC-11436 |
||
| 999 |
_c96271 _d96271 |
||